[Event "Hamburg-ch int"]
[Site "Hamburg"]
[Date "1999.05.24"]
[Round "3.6"]
[White "Ftacnik, Lubomir"]
[Black "Bekker Jensen, Simon"]
[Result "1-0"]
[WhiteElo "2585"]
[BlackElo "2360"]
[Annotator "Hazai,L"]
[PlyCount "63"]
[EventDate "1999.05.22"]
[EventType "swiss"]
[EventRounds "9"]
[EventCountry "GER"]
[SourceTitle "CBM 072"]
[Source "ChessBase"]
[SourceDate "1999.10.01"]
[SourceVersion "1"]
[SourceVersionDate "1999.10.01"]
[SourceQuality "1"]

1. d4 Nf6 2. Nf3 g6 3. Bg5 Bg7 4. Nbd2 O-O 5. c3 d6 6. e3 c5 7. Be2 b6 8. O-O
Bb7 {This is a reverse Reti Opening New York Variation with an extra tempo for
White, which is not very important in a position like that. The play is rather
positional, and the Reti strategies are completely valid here.} 9. a4 (9. b4 {
wants to clarify things on the <<, but Black can gain a tempo attacking b4.}
Nd5 10. Qb3 cxb4 11. cxb4 h6 12. Bh4 Nd7 13. Bc4 N5f6 14. Rac1 a6 15. a4 e5 16.
dxe5 dxe5 17. Bg3 Qe7 $11 {Moiseev,O-Savon, Riga 1970}) (9. Re1 {/\ Bf1 and
e3-e4 which is White's main idea here.} Qc7 (9... Nbd7 10. Qc2 (10. Bf1 Qc7 {
- 9...Qc7}) 10... Rc8 11. Rad1 {(Dienavorian-Bronstein,L, Tramandai 1978)} h6
12. Bh4 cxd4 13. exd4 Nd5 $13 {>< f4 and the N on d5 is strong.}) 10. a4 Nbd7
11. Bf1 h6 (11... e5 $6 {is usually a strategical mistake here, because after
taking it White can get control over the light squares by playing e3-e4.} 12.
dxe5 dxe5 13. e4 {>< c4} a6 14. Bc4 Bc6 {(Platonov-Sideif Sade, Tashkent 1980)}
15. Qb3 $1 $14 {and the rooks have to defend weak pawns.}) 12. Bh4 Rfe8 {
Black is waiting here, because after e3-e4 it is not easy for White to go
ahead.} 13. e4 e6 {against e5-e6.} 14. h3 Nh5 $13 {and the B on h4 is in
trouble.}) (9. h3 {securing thr retreat of the B to the h2-b8 /^.} Nbd7 10. a4
{controlling the light squares and sometimes threatening with a4-a5.} a6 11.
Qb1 (11. Qb3 Qc7 {this is the flexible set-up for Black.} 12. Rfe1 e5 ({
again the modest} 12... e6 $5 {deserves attention.}) 13. dxe5 dxe5 14. Red1
Rae8 $13 {and now White cannot play e3-e4, Sergeev-Krakops, Berlin 1995.})
11... Qc7 12. Re1 Rfe8 13. Bf4 {This is a provocative move.} Nd5 ({In case of} 
13... e5 $6 {White can exploit the weaknesses of the light squares.} 14. dxe5
dxe5 15. Bh2 Rad8 16. Rd1 Re7 {This is an inferior plan.} 17. Qc2 Ne8 18. Qb3
Nd6 19. Nc4 Nxc4 20. Bxc4 $16 {with a strong battery on the a2-g8 /^,
Stajcic-Videki, Kecskemet 1994.}) 14. Bh2 cxd4 15. exd4 (15. cxd4 Rec8 $11 {
grabs the c <->.}) 15... Bh6 $13 {>< f4.}) 9... Nc6 (9... Na6 {is an
interesting plan used also in the Reti these days. Black wants to control d5
with his other N.} 10. a5 Nc7 11. axb6 {This leads to simplification without
any success for White.} axb6 12. Nc4 Rxa1 13. Qxa1 Ba6 $11 {Apicella-Blees,
Munich 1993}) (9... a6 {keeps the position as flexible as possible not
deciding where to put the N.} 10. Re1 (10. Qb1 Nc6 (10... Nbd7 {looks more
natural.}) 11. Rd1 Rc8 {This move is not important here.} (11... Qc7 $142) 12.
Bxf6 Bxf6 {(Boric-Cebalo, Porec 1998)} 13. Ne4 $1 $14 {with a nasty pin on the
d <->.}) (10. Bd3 $5 {is a well-known method from the Reti playing for e3-e4
even by losing a tempo.}) 10... Nbd7 11. h3 Re8 12. Bf1 d5 {Suddenly Black
changes the structure radically.} (12... Qc7 {was the simple plan.}) 13. Ne5 $6
{White cannot use the weakened e5 square like that, because he cannot keep his
[+] in the long run.} (13. Bf4) 13... Nxe5 14. dxe5 Nd7 15. f4 f6 {and White
has to give up his stronghold on e5.} 16. exf6 exf6 17. Bh4 Qc7 18. f5 Rad8 $13
{Kovacevic,V-Rade, Solin 1996}) 10. Qb3 (10. Nc4 {(Sorensen,H-Ravikumar,
Copenhagen 1981)} Ne4 $1 11. Bh4 d5 12. Nce5 Nxe5 13. Nxe5 f6 14. Nd3 g5 15.
Bg3 c4 $13) (10. Qb1 h6 11. Bh4 Rc8 12. Rc1 {This whole setup looks rather
sophisticated for White.} Rc7 13. Nc4 cxd4 14. Bxf6 (14. exd4 Nh5 {attacking
>< f4 as usual.}) 14... Bxf6 15. exd4 e5 16. dxe5 Nxe5 17. Ncd2 Re7 18. Nd4 a6
$11 {and Black's active pieces balance the weakness of the isolated P, Sergeev,
V-Timoshenko,G, Topolcianky 1994.}) 10... Qc7 11. Rfc1 $6 {This is again a bit
sophisticated.} ({Both} 11. Rac1) ({or} 11. Rfe1 {look more natural.}) 11... e5
$6 {Here is the well-known strategical error again.} (11... Rac8 12. Qa2 Qb8 {
was the flexible set-up for White.}) 12. dxc5 dxc5 (12... bxc5 13. Bxf6 Bxf6
14. e4 $14 {and the weaknesses on c4 and d5 begin to tell.}) 13. Qc2 {White
wants to improve his bad Q and rook, but this costs time.} Rac8 $6 {Black
cannot sit and wait.} (13... Na5 {was a serious alternative:} 14. b4 (14. b3
Nd5) 14... cxb4 15. cxb4 Qxc2 16. Rxc2 Nc6 17. b5 Na5) 14. Nc4 Ba6 $2 {The
exchange of the light squared B is favourable for White.} (14... Ne4 {was the
last chance to change the bad structure.} 15. Qxe4 Nd4 16. Qd3 e4 17. Qd1 Nxe2+
18. Qxe2 exf3 19. gxf3 Qc6 20. e4 f5 {and Black has some compensation for the
P because of his strong ^^.}) 15. Rd1 Rfd8 16. e4 $1 {gaining control over the
light squares and killing the dark-squared B forever.} h6 17. Bxf6 Bxf6 18. Ne3
$16 Bxe2 19. Qxe2 {Now White will have a strong N against a bad B.} Ne7 20. h4
{/\ h5} h5 {weakening g5.} 21. Qc4 Bg7 $6 (21... Rxd1+ 22. Rxd1 Rd8 {was the
persistant defence, although the _|_ is not rosy for Black at all.}) 22. Ng5
Rf8 23. Rd3 Bh6 24. Rad1 {Now Black has changed his good N for the control
over the only opened d <->.} Bxg5 25. Rd7 $1 Bxe3 {This is the best practical
chance.} (25... Qb8 26. hxg5 Rc7 27. R7d6) 26. Rxc7 Bxf2+ 27. Kxf2 Rxc7 28. Rd6
Rfc8 (28... Kg7) 29. a5 Rc6 $2 (29... bxa5) 30. Rd7 R8c7 $4 {[%mdl 8192] This
is a serious blunder.} (30... Rf6+ 31. Ke3 Nc6 {was the resilient defence.})
31. Rxc7 Rxc7 32. Qd3 $1 {penetrating on the d <-> means winning more material.
} (32. Qd3 Rc8 33. Qd7 Kf8 34. a6) 1-0

[Event "Solin 9th"]
[Site "Solin/Split"]
[Date "2001.12.10"]
[Round "3"]
[White "Kovacevic, Vlatko"]
[Black "Dizdarevic, Emir"]
[Result "0-1"]
[WhiteElo "2499"]
[BlackElo "2490"]
[Annotator "Hazai,L"]
[PlyCount "54"]
[EventDate "2001.12.08"]
[EventType "tourn"]
[EventRounds "9"]
[EventCountry "CRO"]
[EventCategory "12"]
[SourceTitle "CBM 087"]
[Source "ChessBase"]
[SourceDate "2002.03.21"]
[SourceVersion "1"]
[SourceVersionDate "2002.03.21"]
[SourceQuality "1"]

1. d4 Nf6 2. Nf3 g6 3. Bf4 Bg7 4. e3 d6 5. h3 c5 6. Nbd2 (6. c3 {/\ Be2 would
have avoided the surprise in the game.}) 6... cxd4 7. exd4 O-O 8. c3 {Now
Black can exploit White's lack of development by energetic play.} (8. Be2 $142)
8... Nc6 9. Be2 {[#]} ({On} 9. Bc4 {comes} e5 $1 {anyway.}) 9... e5 $1 10. dxe5
dxe5 {and White's strategy based on the stronghold on d4 collapses.} 11. Bh2 $2
{This allows the further advance of the e P.} ({Accepting the P sac by} 11.
Nxe5 {is certainly met by} Nd5 $1 {but after} 12. Nxc6 $1 bxc6 {White is
certainly not yet lost.} 13. Bg3 (13. Bh2 Re8 (13... Qg5 14. Kf1 Rd8 15. Qe1
Nf4 16. Bxf4 Qxf4 $44 {and White has problems with his development, while
Black's ^^ is effective, Sandor-Dely, Budapest 1954.}) 14. O-O Bxc3 $1 {
This is the point!} 15. bxc3 Nxc3 16. Qc2 Nxe2+ 17. Kh1 Bf5 18. Qb2 Qd4 $17 {
with a healthy P up, Kindl-Cvitan, Mendrisio 1987.}) 13... Re8 14. O-O (14. Nc4
Qe7 15. Kf1 (15. Nd6 $2 {is overambitious:} Ba6 16. c4 Bxb2 $19 17. Nxe8 Rxe8
18. Rb1 Nc3 19. Rxb2 Nxd1 20. Kxd1 Qf6 {0-1 Ballmann-Cvitan, Cappelle la
Grande 1997}) 15... Bxc3 $36 {gaining back the material with a very active
play.}) 14... Bxc3 15. Qc1 $1 {is the best chance to hold the position.} (15.
Nc4 $6 {runs into the same motif again!} Bxb2 16. Rb1 (16. Bf3 {
(Zivkovic-Todorovic, Kragujevac 2000)} Bxa1 17. Qxa1 Ba6 $19) 16... Nc3 17.
Qxd8 Nxe2+ 18. Kh2 Rxd8 19. Rxb2 Ba6 $1 20. Rc2 Rd4 $1 {0-1 Cebalo-Cvitan,
Vrnjacka Banja 1985}) (15. Bc4 $6 Bxb2 16. Rb1 Bg7 {and Black holds his extra
P.} 17. Qb3 Bf5 18. Rbc1 Qb6 19. Nf3 h6 20. Rfe1 Bb2 21. Rcd1 Qxb3 22. axb3 Nb6
23. Ne5 Nxc4 24. Nxc4 Bc3 $17 {Zurek-Pavlovic, Trnava 1988.}) (15. Bf3 $6 Bxb2
16. Qc2 {is not correct at all:} Bxa1 17. Qxc6 Be6 18. Rxa1 Rc8 $19 {
Duer-Urban, Bayern 1998}) 15... Bg7 16. Re1 {This way White can neutralize the
pressure.} (16. Bf3 Ba6 17. Nc4 (17. Rd1 Be2 $13 (17... Re6 18. Nb3 Qb6 19. Qd2
(19. Bxd5 cxd5 20. Rxd5 Rc8 $44 {and Black has very active heavy artillery and
^^ for the P.}) 19... Nb4 20. Bf4 Rae8 21. Be3 Rxe3 $5 {Black's play is brave
and impressive, but White's defensive resources were not entirely used in the
game!} 22. fxe3 Nd3 23. Kh1 Bh6 24. Qc2 Rxe3 25. Rd2 c5 26. Bd5 c4 27. Bxc4
Rxh3+ $3 28. gxh3 Bb7+ 29. Rg2 Nf2+ 30. Kg1 Ng4+ $40 {Guseinov-Kuzmin, SU 1983}
)) 17... Qf6 (17... Re6 $5) 18. Rd1 Rad8 $5 (18... Nc3 $2 {is a big blunder
because of} 19. Qxc3 $1 Qxc3 20. bxc3 Bxc4 21. Bxc6 Bxc3 22. Rac1 {1-0 Granda
Zuniga-Komljenovic, Cordoba 1990}) 19. Qc2 Nb4 20. Qb3 Bxc4 (20... c5 21. Nd6
$1) 21. Qxc4 Qxb2 $13) 16... Nb4 17. Nc4 Ba6 18. a3 Nd3 19. Bxd3 Rxe1+ 20. Qxe1
Qxd3 21. Ne5 $11 {1/2-1/2 Cvitan-Sideif Zade, Baku 1983 36/(91)}) (11. Bg5 {
exchanging the important dark-squared B cannot be good from strategical point
of view.} h6 12. Bxf6 Qxf6 13. O-O Bf5 (13... Qe7 14. Re1 f5 $36 {with a
strong [+], and ^^, Annaberdiev-Mamedov, Oropesa del Mar 1999.}) 14. Qa4 Rfd8
$15 {Stoppel-Wittmann, Graz 1992}) (11. Be3 Qe7 12. Bc4 Rd8 13. O-O {was safer.
} (13. Ng5 $6 {White's aggressive plan cannot be successfully executed because
of his lack of development.} Nd5 14. Qf3 Nxe3 15. Bxf7+ Kh8 16. Qxe3 Bh6 17.
Ndf3 Rf8 18. Bd5 Rxf3 19. Qxf3 Bxg5 $17 {Mufic-Dizdarevic, Pula 1993})) 11...
e4 12. Ng1 $6 {This is new but can hardly be recommended.} (12. Ne5 {is also
met by the standard blow} e3 $1 13. fxe3 {Vegh} (13. Ndc4 exf2+ 14. Kxf2 Ne4+
15. Kf1 (15. Ke3 Qh4 $19) 15... Qf6+ {White's K is in a big trouble.} 16. Nf3 (
16. Bf3 $5 {Vegh} Be6 17. Qe2 Ng5 $17) 16... Rd8 17. Qe1 Be6 18. Kg1 Bh6 $1 $17
{Lorincz-Vegh, Hungary 1998}) 13... Nxe5 14. Bxe5 Nd5 15. Nc4 (15. Bg3 Nxe3 $19
) (15. Bxg7 Qh4+ $19) (15. Bd4 Qh4+ 16. Kf1 Bxd4 $19) (15. Bf4 g5 $1 16. c4 (
16. Bg3 Nxe3 $19) 16... gxf4 17. cxd5 Qh4+ 18. Kf1 fxe3 $19) 15... Bxe5 16.
Nxe5 Qh4+ 17. Kd2 Qe4 $1 $40 {It is hard to believe that White can survive
this ->.} (17... Qf2 18. Qg1 (18. Ng4 Bxg4 19. hxg4 Nxe3 $19) (18. Nc4 Nxe3 $1
$19) 18... Qg3 19. Nf3 Re8 20. Re1 Rxe3 21. Qh2 (21. c4 Qf4 22. cxd5 Rxf3+ 23.
Kd1 Rf2 $17) 21... Qf2 22. Qg1 $11)) (12. Ng5 {Vegh} Qe7 13. Nc4 h6 14. Bd6 Qe8
15. Bxf8 Qxf8 $17 {and the g5 N is trapped.}) 12... e3 $1 13. fxe3 Nd5 14. Nf1
Qa5 15. Kf2 {[#]} Bxc3 $1 {[%mdl 512] This is a very tempting positional piece
sacrifice. Black opens up the position against the K in the middle.} 16. bxc3
Nxc3 17. Qc2 Bf5 18. Qb3 (18. Qb2 Ne4+ 19. Kf3 Rad8 $40 {and the white pieces
look tragicomically.} (19... Ng5+ 20. Kf2 Ne4+ 21. Kf3 {leads only to
repetition of moves.})) 18... Ne4+ 19. Kf3 Rad8 {Black certainly wants more
than a draw.} (19... Ng5+ 20. Kf2 Ne4+ 21. Kf3 {is again only a repetition of
moves.}) 20. Rc1 Be6 (20... Ne5+ 21. Bxe5 Qxe5 $40 {looks also exciting,
because White has still terrible problems with his development.}) 21. Qb2 (21.
Qb5 Qa3 $40) 21... Qf5+ 22. Bf4 g5 23. g4 Qg6 24. Ng3 {Now Black is already
winning.} (24. Bc7 {was more persistant, although after} f5 $1 (24... Bd5 25.
Bxd8) 25. Kg2 fxg4 26. Bxg4 Rd7 $40 {Black has still a strong ->.}) 24... gxf4
$19 {Now the game is over.} 25. exf4 (25. Nxe4 Bd5 26. Bd3 Rfe8 $19) 25... Bd5
26. Nf5 Nd6+ 27. Kf2 Nxf5 0-1

[Event "IND-ch"]
[Site "Mumbai"]
[Date "2003.01.25"]
[Round "12"]
[White "Harikrishna, Pentala"]
[Black "Saravanan, Venkat"]
[Result "1-0"]
[WhiteElo "2539"]
[BlackElo "2357"]
[Annotator "Hazai,L"]
[PlyCount "85"]
[EventDate "2003.01.18"]
[EventType "tourn"]
[EventRounds "21"]
[EventCountry "IND"]
[EventCategory "8"]
[SourceTitle "CBM 094"]
[Source "ChessBase"]
[SourceDate "2003.05.26"]
[SourceVersion "1"]
[SourceVersionDate "2003.05.26"]
[SourceQuality "1"]

1. d4 Nf6 2. Nf3 g6 3. Bg5 Bg7 4. Nbd2 O-O 5. c3 h6 {There is no need to hurry
with this move, although there is nothing wrong with it.} (5... d6 6. e4 c5 7.
dxc5 dxc5 8. Bc4 Nc6 {is very popular these days, and after h6 Bh4 may
transpose to the game continuation..}) 6. Bh4 d6 7. e4 c5 8. dxc5 dxc5 9. Bc4 (
9. Be2 {- Zhang Zhong-Stohl, Beijing 1996 CBM 55}) 9... Nc6 (9... Nh5 {/\ Qc7
with pressure on the /^ h2-b8.} 10. Qc2 (10. Nf1 {/\ Ne3} Qa5 11. Ne3 Nc6 12.
O-O Rb8 {/\ b5} 13. a4 Kh7 $13 14. Rb1 e6 {"killing" the N on e3 and the B on
c4.} 15. Qd6 g5 16. Bb5 Rd8 17. Qxc5 Bf8 18. Nxg5+ Kg6 19. Qc4 hxg5 {1/2:1/2
Ye-Asanov, Beijing 1991}) 10... Qc7 11. O-O Nc6 12. Bg3 {White gives up his ^^
without a fight.} (12. Rfe1 Na5 {Black has some |^ on the <<, and he is happy
to exchange the white dark-squared B for the N.} 13. Rad1 (13. Bf1 Be6 14. Rad1
Rfd8 15. Qa4 g5 {The weakening of the >> is fully compensated by the ^^.} 16.
Bg3 Nxg3 17. hxg3 a6 {/\ b5} 18. Be2 b5 19. Qc2 Rd7 {/\ Rad8} 20. Nh2 Rad8 21.
Nhf1 Nc6 22. Ne3 Bxa2 {This is brave, but correct!} 23. b3 Qa5 24. Nd5 e6 25.
Ra1 exd5 26. Rxa2 Qxc3 $17 {Kakageldyev-Temirbaev, Yerevan olm 1996}) 13... Bg4
14. Be2 g5 15. h3 Be6 16. Nh2 Nf4 17. Bg3 Nxe2+ {Exchanging the light-squared
B is also an achievement...} 18. Rxe2 Qb6 19. b3 Rfd8 20. Nhf1 Qa6 21. Nb1 Nc6
{1/2:1/2 Zhu Chen-B.Lalic, Linares 1998}) 12... Nxg3 13. hxg3 Na5 14. Be2 Be6
15. Rfd1 Rad8 16. Nb3 Rxd1+ 17. Rxd1 Nxb3 18. axb3 Rd8 19. Bc4 Bc8 $10 {
1/2:1/2 Psakhis-Temirbaev, Moscow olm 1994}) 10. Qe2 (10. O-O Nh5 (10... Bg4 {
is not so logical here.} 11. Qc2 Nh5 (11... Na5 12. Be2 Be6 {Black has lost a
tempo.} 13. Rfd1 Qb6 14. Ne5 Qc7 15. Nd3 Qc8 {Black's Q manoeuvre is all but
logical.} 16. Qa4 b6 17. e5 Nd7 18. Bf3 g5 19. Bxa8 Qxa8 20. Bg3 c4 21. Ne1
Bxe5 22. Ndf3 Bxg3 23. hxg3 Nf6 24. Qc2 Nc6 25. Nd4 $16 {Lipka-Demeter,
SVK-chT 1996}) (11... g5 12. Bg3 Nh5 {exchanging the important B.} 13. Rfe1
Nxg3 14. hxg3 e6 15. a4 Qc7 16. Be2 Bh5 {/\ Bg6} 17. Nc4 Rad8 18. Rad1 Bg6 19.
Rxd8 Rxd8 $13 {Korchnoi-C.Hansen, Jerusalem 1986}) 12. Rfe1 Qc7 13. a4 Rad8 14.
Bg3 {This was not necessary at all!} (14. Rad1) 14... Nxg3 15. hxg3 Na5 16. Ba2
$6 (16. Be2) 16... c4 {The B is awful on a2.} 17. Nf1 Be6 18. Ne3 a6 19. Rad1
Qc5 20. Qe2 b5 21. axb5 axb5 22. Rxd8 Rxd8 23. Rd1 Rd6 $15 {V.
Kovacevic-Chiburdanidze, Vinkovci 1982}) (10... g5 11. Bg3 Nh5 12. Nxg5 $6 {
This tactical blow is not always successful.} Nxg3 13. Nxf7 Rxf7 14. Bxf7+ Kxf7
15. hxg3 Be6 16. f4 Kg8 17. e5 Qd3 18. g4 Rd8 19. Rf2 Qg3 20. f5 Nxe5 $1 {
Black sacrifices a piece for a devastating ->.} 21. fxe6 Nxg4 $40 {
Nagrocka-Krojanski, Dortmund op-A 1993}) (10... Na5 11. Be2 Be6 12. Qc2 Nh5 13.
Rfd1 Qc7 14. Nf1 Rad8 {Black's plan is the standard one in this type of
position. Both knights on the edge of the board are well-placed!} 15. Rxd8 Rxd8
16. Ne3 a6 17. Nd2 Nf4 18. Bf1 Rd7 19. Bg3 Be5 20. Nf3 Bg7 21. Rd1 Rxd1 22.
Qxd1 b5 $10 {Urban-Jaracz, POL-ch 1991}) 11. Qe2 Qc7 12. Rfe1 Na5 {comes into
consideration again.} (12... Ne5 {is not so logical.} 13. Nxe5 Bxe5 14. g3 $1 {
This is the brave decision!} (14. Nf1 $6 {Tyomkin} Nf4 15. Qe3 g5 16. Bg3 h5
$36) (14. h3 {Tyomkin} Nf4) 14... Ng7 {Tyomkin} (14... Rd8 15. Nf1 $1 $14 {
- Tyomkin-Agopov, Tallinn 1997 CBM 59}) 15. f4 Bf6 16. Bxf6 exf6 17. Bd5 Be6
18. c4 Rad8 $14 {/\ f5}) (12... Bg4 13. Qe3 Na5 $142 (13... b6 $2 {allows} 14.
e5 $1 $16 {Tyomkin-Ribshtein, ISR-chJ U20 1996})) 13. Bd5 e6 14. Bb3 Nf4 15.
Qf1 Nxb3 16. axb3 e5 {It is not easy for White to exploit the weakness of d5.}
17. Nc4 Be6 18. Nfd2 g5 19. Bg3 Rfd8 20. Red1 Rd7 $13 {Sargissian-Ni Hua,
Athens 2001}) 10... g5 $6 {This is connected with a tactical blunder.} (10...
Na5 {looks logical, as usual.} 11. Bd3 Be6 12. O-O Qb6 (12... Nh5 {/\ Qc7 is
the typical setup.}) 13. Nc4 Nxc4 14. Bxc4 Nh5 (14... Bxc4 $5 15. Qxc4 Qxb2 16.
Rfb1 b5 $1 17. Qxc5 Rac8 18. Qxa7 Qxc3 19. e5 Nd5 20. Qb7 $13) 15. e5 (15. Bxe7
$2 {Rashkovsky} Nf4 16. Qd2 Bxc4 17. Bxf8 Ne2+ 18. Kh1 Rxf8 $17) 15... g5 $1
$15 {Rashkovsky-Kiseleva, Cappelle la Grande 2000 78/(63)}) (10... Nh5 11. Qe3
b6 12. O-O-O {This is an original plan!} (12. O-O Qc7 {leads to the previous
type of positions, where Black has nothing to fear.} 13. Rfe1 g5 14. Bg3 Nxg3
15. hxg3 Bb7 16. Nf1 Rad8 $36 {Maiwald-V.Georgiev, Regensburg 1997}) 12... Qc7
13. Bg3 Nxg3 (13... e5 {! Rashkovsky} 14. Bd5 Bb7 15. Nc4 {White has a strong
pressure on the light squares.} Nxg3 (15... Rad8 16. Bxe5 $1 Nxe5 17. Nfxe5
Bxe5 18. Nxe5 Bxd5 19. exd5 Rfe8 20. Rhe1 f6 21. f4 $1 (21. d6 $2 {
(Rashkovsky-Dobrov, Oberwart 80/48 2000)} Rxd6 22. Rxd6 Rxe5 $1 (22... Qxd6 23.
Qd3 $11) 23. Qxe5 fxe5 24. Rxg6+ Ng7 $17) 21... fxe5 22. fxe5 $36) 16. hxg3
Rad8 17. Rxh6 $1 {White has a strong -> on the h <->.} Ne7 18. Rdh1 Nxd5 19.
exd5 Rxd5 (19... Bxd5 $4 20. Rh8+ $1 Bxh8 21. Qh6 $18) (19... Rfe8 20. d6 $16)
20. Rh8+ (20. Rh7 $5 $40) 20... Bxh8 21. Qh6 Rd1+ $1 22. Rxd1 Bg7 23. Qh4 $14)
14. hxg3 h5 15. Qg5 e6 $1 (15... Kh7 $2 {founders on} 16. Rxh5+ $1 gxh5 17.
Qxh5+ Bh6 18. Ng5+ Kg7 19. Rh1 Qd6 20. Be6 $18) 16. g4 hxg4 17. Qxg4 Rb8 $5 18.
Bb5 $1 Bd7 19. Bxc6 (19. Qh4 Rfd8 $13) 19... Bxc6 20. Ng5 Rfd8 21. f4 Rd3 $1
$13 {Rashkovsky-Vokarev, Ubeda 2000 78/63}) 11. Bg3 Nh5 $4 {[%mdl 8192] [#]
This is the following of the wrong plan...} 12. Nxg5 $1 $18 {and this is the
punishment, the game is over!} Nxg3 13. hxg3 Ne5 (13... hxg5 14. Qh5 $18) 14.
Ngf3 Nxc4 (14... Bg4 15. O-O-O $18) 15. Nxc4 b5 16. Ne3 Qa5 17. O-O b4 (17...
e6 18. e5 Bb7 19. Ng4 $18) 18. c4 (18. Nd5 bxc3) 18... e6 19. e5 Bb7 20. Ng4
Qd8 21. Rad1 Bxf3 (21... Qe7 22. Qe3) 22. gxf3 Qg5 23. f4 Qg6 24. Nh2 Rad8 25.
Nf3 Qg4 26. Kg2 f6 27. exf6 Bxf6 28. b3 h5 29. Rxd8 Rxd8 30. Re1 Rd6 31. Nd2
Ra6 32. Ne4 Qxe2 33. Rxe2 Be7 34. f3 Kf7 35. g4 hxg4 36. fxg4 Ra3 37. Rc2 Ra6
38. Kf3 Rc6 39. Rh2 Kg7 40. Rd2 Rc7 41. f5 exf5 42. gxf5 Bf6 43. Rd6 1-0